| 000 | 00470nam a2200181Ia 4500 | ||
|---|---|---|---|
| 001 | 4873 | ||
| 005 | 20260306145826.0 | ||
| 008 | 260306t1999||||xx |||||||||||||| ||spa|| | ||
| 041 | _aESP | ||
| 082 |
_a330.985 _bR76 |
||
| 100 |
_aRoel Pineda, Virgilio _eAUT |
||
| 245 | 0 | _aMegatendencias de la economía peruana en la segunda post guerra mundial | |
| 260 | _c1999 | ||
| 300 |
_a147 páginas : _c20 cm. |
||
| 650 | _aGEN | ||
| 654 | _aCAN | ||
| 942 |
_cLIB _dJUS _fJUS _2ddc _n |
||
| 999 |
_c4873 _d4873 |
||